000 00402nam a2200133Ia 4500
008 260210s9999 xx 000 0 und d
024 _a99B-BCS5Y-050 & 99B-BCS5Y-053
082 _a794.8072 SAA
100 _aSaad Hilal Ahmed & Sibt-e-Raza
245 0 _aSaad Raza Chess Engine
260 _aKarachi:
_bUITU,
_c1999
600 _aComputer Science
650 _aBachelor of Computer Science (BS)
999 _c31713
_d31713